000 02371 a2200361 4500
001 OB-pur-163015
003 FrMaCLE
005 20251214082841.0
007 cu ||||||m||||
008 220517e||||||||xx |||||s|||||||||0|fr|d
020 _a978-2-7535-8739-7
024 7 _a10.4000/books.pur.163015
_2doi
040 _aFR-FrMaCLE
041 _afra
100 1 _aDe Waele, Michel
245 1 2 _aL’affirmation du fait colonial dans les relations internationales :
_bLa guerre franco-anglaise de 1627-1629 /
_cMichel De Waele.
260 _aRennes :
_bPresses universitaires de Rennes,
_c2022.
300 _a330 p.
500 _aEbook
520 _a « Jamais les places prises et détenues en Amérique ne sont-elles devenues l’enjeu central des relations entre États européens, au point qu’elles provoqueraient des disputes et l’interruption des traités entre les royaumes et les États. » Ainsi s’exprime Charles Ier en 1631, faisant référence aux difficiles négociations qui se poursuivent depuis plus de dix mois entre l’Angleterre et la France au sujet des territoires d’Amérique du Nord revendiqués par Louis XIII. La guerre entre les deux royaumes, qui commence en juillet 1627, est surtout connue en raison de la descente effectuée par les troupes du duc de Buckingham sur l’île de Ré et par le cruel siège de La Rochelle qui s’ensuivit. Le conflit ne se limite toutefois pas à ces événements, comme il ne s’explique pas uniquement par le soutien qu’aurait voulu apporter le monarque anglais aux huguenots. Ainsi, ce livre replace les hostilités franco-anglaises dans le contexte plus large de la guerre de Trente Ans et examine comment les questions coloniales retardent pendant plusieurs mois la signature des traités de Saint-Germain-en-Laye qui les concluent officiellement en mars 1632.
540 _aOpenEdition Books License
_uhttps://www.openedition.org/12554
650 4 _aHistory
650 4 _aInternational Relations
650 4 _aguerre de Trente Ans
650 4 _aFrance
650 4 _aAngleterre
650 4 _aNouvelle-France
650 4 _aguerre franco-anglaise
650 4 _a17th Century
760 0 _x2111-496X
776 _z978-2-7535-8305-4
856 4 _eDe Waele, Michel
_uhttps://books.openedition.org/pur/163015
_yL’affirmation du fait colonial dans les relations internationales
999 _c15419
_d15419